000 00554nam a22002177a 4500
003 UA-OsUOA
001 58241
007 ta
008 20090203b un ||||| |||| 00| 0 ukr d
100 _aМізернюк С.
090 _a94(477)
_bМ71
942 _cSA
040 _aUA-OsUOA
_bukr
_cUA-OsUOA
_dUA-OsUOA
245 _aІсторія у контексті сьогодення
300 _aС.3
955 _a0
041 _aukr
080 _a94(477)
773 0 _w58240
650 7 _a9 Географія. Біографії. Історія
_2UDC
999 _c344322
_d344322